| 000 | 00446nab a2200145Ia 4500 | ||
|---|---|---|---|
| 003 | ES-SlBCS | ||
| 005 | 20210601130708.0 | ||
| 008 | 140529s1998 xxu||||| |||| 00| 0 fre d | ||
| 041 | _afre | ||
| 100 | 1 |
_aReyff, Simone de _9176174 |
|
| 245 | 0 | 0 |
_aLe Mistère del'Institucion des Frères Prècheurs _c Simone de Reyff |
| 610 | 2 | 4 |
_aDominicos-Institución _9176175 |
| 773 | 0 |
_tMémoire Dominicaine _gnº. 11, 1998, págs. 49-59 _wRev274 |
|
| 942 | _cAR | ||
| 999 |
_c550858 _d550858 |
||